| 000 | 01066nam a2200277 4500 | ||
|---|---|---|---|
| 005 | 19970905091730.0 | ||
| 008 | 700514s1968 enka 000 0 eng | ||
| 010 | _aENG-92401 | ||
| 020 |
_c495.00 _a9788190292955 |
||
| 020 |
_c495.00 _a8190292951 |
||
| 035 | _aEN-75934 | ||
| 037 | _bDBAD / PUB | ||
| 040 |
_adpl _bEnglish |
||
| 082 | _a327.2 | ||
| 100 | _aPant, Shaila | ||
| 245 |
_aHistory of India's diplomatic missions: _cby Shaila Pant _b formative years / |
||
| 260 |
_aDelhi _bShakti Book House _c2008 |
||
| 270 |
_a3-B, DDA Flats, Mansarover Park, Shahdara, _bDelhi _e110032 |
||
| 300 |
_avii, 201p. _c22cm (Hb) |
||
| 500 | _aIncludes bibliographical references | ||
| 650 |
_aDiplomatic and consular service, East Indian _xHistory _z20th century. |
||
| 650 | _aDiplomacy. | ||
| 651 |
_aIndia _xForeign relations. |
||
| 942 |
_2ddc _cEN _mPAN _h327.2 |
||
| 999 |
_c20708 _d20708 |
||